| 000 | 02368nam0a2200349 i 4500 | ||
|---|---|---|---|
| 001 | RU\NLR\bibl\1934697 | ||
| 005 | 20260408084633.0 | ||
| 010 |
_a9785778219519 _9500 |
||
| 021 |
_aRU _b2012-54460 _93968 |
||
| 035 | _a(NLR Aleph) 001924017 | ||
| 090 |
_a3344840 _c3344840 |
||
| 100 | _a20120816d2012 k y0rusy50 ca | ||
| 101 | 0 | _arus | |
| 102 | _aRU | ||
| 105 | _aa ||||||||| | ||
| 200 | 1 |
_aСистема ценностей современного общества _eсборник материалов XXIII Международной научно-практической конференции, Новосибирск, 23 мая 2012 г. _fпод общ. ред. С.С. Чернова |
|
| 210 |
_aНовосибирск _cЦентр развития научного сотрудничества _cИзд-во НГТУ _d2012 |
||
| 215 |
_a358 с. _cил. _d21 |
||
| 300 | _aВ вып.дан. загл.: Сборник материалов XXIII Международной научно-практической конференции "Система ценностей современного общества" | ||
| 300 | _aВ надзаг.: Федер. гос. бюджет. образоват. учреждение высш. проф. образования "Сев.-Вост. гос. ун-т", Каф. социал. педагогики | ||
| 320 | _aБиблиогр. в конце докл. | ||
| 517 | 0 | _aСборник материалов XXIII Международной научно-практической конференции "Система ценностей современного общества" | |
| 606 |
_aОбщественные науки _jСъезды, совещания и т.п. _91112139 _3RU\NLR\auth\66119728 |
||
| 686 | _aС.я431 | ||
| 702 | 1 |
_4340 _8rus _7ca _aЧернов _bС. С. _cканд. экон. наук _f1979- _gСергей Сергеевич _3RU\NLR\AUTH\7768307 _951235 |
|
| 711 | 1 | 2 |
_a"Система ценностей современного общества", международная научно-практическая конференция _d23 _f2012 _eНовосибирск _3RU\NLR\AUTH\8810226099 _9336789 |
| 801 | 0 |
_aRU _bNLR _c20120816 _gRCR |
|
| 801 | 1 |
_aRU _bNLR _c20120816 |
|
| 942 | _cBOOK | ||
| 980 | _aNBR | ||